Saurez-vous reconnaître les personnages de la saga Harry Potter ? - Statistiques

Statistiques générales
  • Ce quiz a été pris 1 766 fois
  • Le résultat moyen est 8 sur 15
Statistiques - réponses
Par images Réponse % Correct
Rubeus Hagrid
93%
Harry Potter
91%
Severus Rogue
88%
Barty Croupton jr
74%
Filius Flitwick
69%
Voldemort
61%
Gilderoy Lockhart
60%
Horace Slughorn
57%
Lucius Malefoy
56%
Sibylle Trelawney
49%
Mimi geignarde
43%
Alastor Maugrey
42%
Gellert Grindelwald
25%
Rufus Scrimgeour
22%
Abelforth Dumbledore
7%
Aucun quiz correspondant
Distribution des résultats
% des personnes avec chaque résultat
Percentile par nombre de réponses
Votre historique - résultats
Vous n’avez pas pris ce quiz